00265nam a2200109Ia 4500008004100000245004000041260002200081440000600103521002200109942000700131999001700138140130s9999 xx 000 0 und d cMelinda LongaHow I became a Pirate bScholastic,c2003 v1 aGrade 1 - Grade 2 cBK c40427d40427